Estudio de prefactibilidad para la formación de una empresa de capacitaciones, mantenimiento y reparación de calderas

Presenta un estudio de prefactibilidad para la creación de una empresa que presta servicios de mantenimiento de equipos generadores de vapor y capacitación periódica de los operadores de calderas, la empresa Servicios Integrales S.A SERVINSA, estará dirigida al sector industrial específicamente...

Full description

Bibliographic Details
Main Authors: Quezada Prado, Karla Noemí, Midence Castillo, Mauricio Javier, Gutiérrez Flores, Edwin Ernesto
Other Authors: Tutor: Boza Castro, Freddy Fernando
Format: Tesis Section = Libro
Language:Undetermined
Spanish
Published: Managua UNI 2013
Subjects:
LEADER 01286nam a2200265Ia 4500
008 240830s9999 xx 000 0 und d
040 |a BIBLIOTECA-RUPAP Mon 658.11 Q5 
041 |a spa 
082 |a Mon 658.11 Q5 
100 1 |a Quezada Prado, Karla Noemí 
100 1 |b Midence Castillo, Mauricio Javier 
100 1 |c Gutiérrez Flores, Edwin Ernesto 
245 1 0 |a Estudio de prefactibilidad para la formación de una empresa de capacitaciones, mantenimiento y reparación de calderas 
260 |a Managua  |b UNI  |c 2013 
300 |a 89 p. :il. 
500 |a Contiene: anexos e Incluye: CD. 
502 |a Tesis (Ingeniero Industrial)- UNI, 2013. 
520 3 |a Presenta un estudio de prefactibilidad para la creación de una empresa que presta servicios de mantenimiento de equipos generadores de vapor y capacitación periódica de los operadores de calderas, la empresa Servicios Integrales S.A SERVINSA, estará dirigida al sector industrial específicamente hospitales, zonas francas textileras, azucareras, Dry Loundry, etc. 
650 7 |a INICIACION DE EMPRESAS DE SERVICIOS 
650 7 |b MANTENIMIENTO Y REPARACION DE CALDERAS 
650 7 |c PLANEACION DE INVERSIÓN 
700 1 |a Tutor:  |b Boza Castro, Freddy Fernando 
942 |c BK  |2 ddc 
991 |a TESIS 
999 |c 16986